000 00654nam a2200229 i 4500
001 000029424
003 DO-SdBNP
005 20250909140808.0
007 ta
008 110415s200? dr 000 0 spa d
040 _aDO-SdBNP
_bspa
_cBNPHU
_erda
082 _axxxx
_bB582
_222
245 0 0 _aBibliomarketing, SRL :
_bsoluciones para bibliotecas, aulas, archivos y oficinas
264 _aSanto Domingo :
_bBM,
_c[200?]
300 _a3 páginas ;
_c22 cm.
336 _2rdacontent
_atexto
_btxt
337 _2rdamedia
_asin mediación
_bn
338 _2rdacarrier
_avolumen
_bnc
590 _aInventariado, 2023 / DG
910 _aDG
942 _2ddc
_cLF2
999 _c53385
_d53385